Pokémon - Les attaques de Diamat - Statistiques

Statistiques générales
  • Ce quiz a été pris 15 fois
  • Le résultat moyen est 11 sur 18
Statistiques - réponses
Niveaux Types Noms des attaques % Correct
Départ Normal Charge
100%
Niveau 54 Dragon Draco-Charge
90%
Niveau 32 Ténèbres Mâchouille
90%
Départ Ténèbres Morsure
90%
Niveau 40 Dragon Draco-Choc
80%
Départ Dragon Draco-Souffle
80%
Niveau 66 Dragon Colère
70%
Niveau 20 Normal Coup d'Boule
70%
Départ Normal Coup Double
50%
Niveau 36 Normal Grimace
50%
Niveau 12 Normal Hurlement
50%
Niveau 60 Ténèbres Machination
50%
Niveau 44 Normal Plaquage
50%
Niveau 48 Normal Mégaphone
40%
Départ Normal Puissance
40%
Niveau 24 Normal Rengorgement
40%
Niveau 16 Ténèbres Assurance
20%
Niveau 28 Normal Souplesse
10%
Aucun quiz correspondant
Distribution des résultats
% des personnes avec chaque résultat
Percentile par nombre de réponses
Votre historique - résultats
Vous n’avez pas pris ce quiz